Najbogatsze Polskie miasta - Statystyki

Ogólne statystyki
  • Ten quiz został rozwiązany 584 razy
  • Średni wynik to 13 z 16
Statystyki odpowiedzi
PKB Odpowiedź % Poprawnych
122MLD $ Warszawa
100%
20 MLD $ Gdańsk
98%
34 MLD $ Kraków
98%
21 MLD $ Wrocław
93%
17 MLD $ Poznań
92%
5,7 MLD $ Gdynia
91%
28 MLD $ Katowice
91%
13 MLD $ Łódź
90%
6,0 MLD $ Szczecin
88%
4,7 MLD $ Białystok
84%
6,6 MLD $ Bydgoszcz
82%
8,9 MLD $ Lublin
81%
5,0 MLD $ Opole
64%
11 MLD $ Gliwice
50%
7,7 MLD $ Sosnowiec
44%
5,2 MLD $ Chorzów
27%
Nie znaleziono quizów pasujących do podanych kryteriów
Rozkład punktacji
Procent ludzi z każdym wynikiem
Percentyl według liczby udzielonych odpowiedzi
Twoja historia wyników
Nie rozwiązałeś tego quizu